| 000 | 00732nam a22002537a 4500 | ||
|---|---|---|---|
| 999 |
_c153192 _d153192 |
||
| 005 | 20181218130242.0 | ||
| 010 | _aA-945545 | ||
| 016 | _aA-945545 | ||
| 020 | _a8171414516 | ||
| 035 | _aA-945545, A-945541 | ||
| 037 | _bBPPD/PUB | ||
| 082 |
_a796.334 _bDUB |
||
| 100 | _aDubey H.C. | ||
| 245 |
_aFootball / _cby H.C. Dubey _bDph Sports Series |
||
| 260 |
_aNew Delhi _bDiscovery Publishing House _c1999 |
||
| 270 |
_a4831/24, Ansari Road, Prahlad Street, Daryagnaj. _bNew Delhi _e110002 |
||
| 300 |
_a282p. _c20cm(Hb) |
||
| 490 | _aDPH sports series | ||
| 500 | _aIncludes index | ||
| 650 | _aHandball--Training | ||
| 650 | _aHandball--Coaching | ||
| 942 |
_2ddc _cEN _h796.334 _mDUB |
||